Социальное благополучие как критерий эффективности неоиндустриализации экономики; Непрерывное благополучие в мире

מידע ביבליוגרפי
Parent link:Непрерывное благополучие в мире.— 2016.— [С. 10-16]
מחבר ראשי: Барчук А. Д.
מחבר תאגידי: Национальный исследовательский Томский политехнический университет (ТПУ) Институт социально-гуманитарных технологий (ИСГТ) Кафедра экономики (ЭКОН)
מחברים אחרים: Жиронкин С. А. Сергей Александрович (научный руководитель)
סיכום:Заглавие с титульного экрана
Неоиндустриализация предполагает экономику, основанную на знаниях и сетях. В отличие от индустриальной экономики, где ключевыми факторами развития являются добыча и переработка сырья, в новой экономике будет доминировать инженерное творчество, дизайн и программирование. Это коренным образом меняет картину социального благополучия, которое выступает, с одной стороны, критерием, с другой - конечным результатом неоиндустриализации экономики.
שפה:רוסית
יצא לאור: 2016
נושאים:
גישה מקוונת:http://earchive.tpu.ru/handle/11683/35961
פורמט: אלקטרוני Book Chapter
KOHA link:https://koha.lib.tpu.ru/cgi-bin/koha/opac-detail.pl?biblionumber=621460

MARC

LEADER 00000naa2a2200000 4500
001 621460
005 20231101133149.0
035 |a (RuTPU)RU\TPU\conf\20076 
035 |a RU\TPU\conf\20075 
090 |a 621460 
100 |a 20170109d2016 k y0rusy50 ca 
101 0 |a rus 
102 |a RU 
105 |a y z 101zy 
135 |a drgn ---uucaa 
181 0 |a i  
182 0 |a b 
200 1 |a Социальное благополучие как критерий эффективности неоиндустриализации экономики  |f А. Д. Барчук  |g науч. рук. С. А. Жиронкин 
203 |a Текст  |c электронный 
230 |a 1 компьютерный файл (pdf; 288 Kb) 
300 |a Заглавие с титульного экрана 
320 |a [Библиогр.: с. 15-16 (12 назв.)] 
330 |a Неоиндустриализация предполагает экономику, основанную на знаниях и сетях. В отличие от индустриальной экономики, где ключевыми факторами развития являются добыча и переработка сырья, в новой экономике будет доминировать инженерное творчество, дизайн и программирование. Это коренным образом меняет картину социального благополучия, которое выступает, с одной стороны, критерием, с другой - конечным результатом неоиндустриализации экономики. 
463 1 |0 (RuTPU)RU\TPU\conf\20057  |t Непрерывное благополучие в мире  |l Lifelong Wellbeing In The World  |o сборник научных трудов Международного научного симпозиума, г. Томск, 11-16 сентября 2016 г.  |f Национальный исследовательский Томский политехнический университет (ТПУ) ; под ред. Г. А. Барышевой [и др.]  |v [С. 10-16]  |d 2016 
610 1 |a труды учёных ТПУ 
610 1 |a электронные ресурсы 
610 1 |a инновационные технологии 
610 1 |a цифровые технологии 
610 1 |a сетевые технологии 
610 1 |a веб-дизайн 
610 1 |a социальное благополучие 
700 1 |a Барчук  |b А. Д. 
702 1 |a Жиронкин  |b С. А.  |c экономист  |c доцент Томского политехнического университета, кандидат экономических наук  |f 1975-  |g Сергей Александрович  |2 stltpush  |4 727 
712 0 2 |a Национальный исследовательский Томский политехнический университет (ТПУ)  |b Институт социально-гуманитарных технологий (ИСГТ)  |b Кафедра экономики (ЭКОН)  |h 149  |2 stltpush  |3 (RuTPU)RU\TPU\col\18375 
801 2 |a RU  |b 63413507  |c 20170112  |g RCR 
856 4 |u http://earchive.tpu.ru/handle/11683/35961 
942 |c BK